000 00307nam a2200121Ia 4500
008 190802s9999 xx 000 0 und d
020 _a978-0-19-875943-0
100 _aJohn Black ,Nigar
245 0 _aDictionary of Economics
260 _aUSA
_bOxford University Press
_c2017
300 _a450:P
942 _cBK
999 _c2238
_d2238